000 00768nam a2200265 a 4500
999 _c6166
_d6166
003 PK-NaQUE
005 20260309120946.0
008 260309b ||||| |||| 00| 0 eng d
020 _a0071633723 (paperback)
020 _a9780071633727 (paperback)
040 _cQUEST
100 1 _aNahvi, Mahmood.
245 1 0 _aSchaum's Outlines of Electric Circuits
250 _a5th ed.
260 _a[S.l.] :
_bMcGraw-Hill,
_c2011.
300 _a504 p. ;
490 1 _aSchaum's outline series.
650 _aElectric circuits
650 _aElectric Circuit Analysis--
650 _aData Processing
700 _aEdminister, Joseph A.
700 _aNilsson, James William
856 _uhttp://10.10.170.122:8080/browse/book/651
_yDownload eBook
942 _cBK
_2ddc